[Event "Bruessel Kandidatenmatch"]
[Site "Bruessel"]
[Date "1991.??.??"]
[Round "2"]
[White "Karpov, An"]
[Black "Anand, V."]
[Result "1/2-1/2"]
[WhiteElo "2730"]
[BlackElo "2650"]
[PlyCount "145"]
[EventDate "1991.??.??"]

1. d4 d5 2. c4 c6 3. Nf3 Nf6 4. Nc3 e6 5. e3 Nbd7 6. Be2 Bd6 7. O-O O-O 8. Qc2
dxc4 9. Bxc4 a6 10. Rd1 Qe7 11. h3 b5 12. Bd3 c5 13. Ne4 c4 14. Nxd6 Qxd6 15.
Be2 Bb7 16. Bd2 Rfc8 17. Rdc1 Ne4 18. Ba5 f5 19. Qd1 Bd5 20. Qe1 Qe7 21. a4 Ng5
22. Nxg5 Qxg5 23. Bf1 Nf6 24. axb5 axb5 25. Bd2 Ne4 26. Bb4 h6 27. Rxa8 Rxa8
28. Ra1 Rxa1 29. Qxa1 Kh7 30. Qe1 Qg6 31. Be7 Qf7 32. Ba3 Qa7 33. Qb4 f4 34.
Qe1 f3 35. gxf3 Ng5 36. Qb1+ Kg8 37. Bg2 Nxf3+ 38. Bxf3 Bxf3 39. Bd6 Qf7 40.
Kh2 Ba8 41. Qg1 Kh7 42. Qg3 b4 43. f3 b3 44. Bb4 Bxf3 45. Qf4 Qb7 46. Bc3 Bd5
47. h4 Bh1 48. Qg3 Qd5 49. Kg1 Qb7 50. Qh3 Bd5 51. e4 Bxe4 52. Qxe6 Bd5 53.
Qf5+ Kg8 54. Kf2 Qa8 55. Bb4 Qd8 56. Ke3 Bf7 57. Qf4 Qd7 58. Bc3 Qh3+ 59. Kf2
Bd5 60. Qb8+ Kh7 61. Qg3 Qf5+ 62. Ke1 Qe4+ 63. Kf2 Qc2+ 64. Ke1 Qc1+ 65. Kf2
Qd1 66. Ke3 Qf1 67. Qg4 Qb1 68. Kf2 Qd3 69. Qg3 Qd1 70. Ke3 h5 71. Kf2 Qb1 72.
Qe5 Qc2+ 73. Ke1 1/2-1/2